[Event "Arequipa Cup 5th"]
[Site "Arequipa"]
[Date "2005.02.06"]
[Round "5.2"]
[White "Esplana, Christian"]
[Black "Cordova, Emilio"]
[Result "1-0"]
[WhiteElo "2329"]
[BlackElo "2384"]
[PlyCount "45"]
[EventDate "2005.02.04"]
[EventType "swiss (rapid)"]
[EventRounds "6"]
[EventCountry "PER"]
[SourceTitle "CBM 104 Extra"]
[Source "ChessBase"]
[SourceDate "2005.03.01"]
[SourceVersion "1"]
[SourceVersionDate "2005.03.01"]
[SourceQuality "1"]

1. e4 e6 2. d4 d5 3. Nc3 Nf6 4. e5 Nfd7 5. f4 c5 6. Nf3 Nc6 7. Be3 a6 8. Qd2 b5 9. a3 c4 10. Ne2 Nb6 11. g4 Qc7 12. Bg2 g6 13. 0-0 Bd7 14. Bf2 h5 15. h3 hxg4 16. hxg4 Be7 17. Bg3 0-0-0 18. b3 Kb7 19. Ng5 Rdf8 20. a4 bxa4 21. bxa4 c3 22. Qc1 Na5 23. Rf3 1-0

[Event "Arequipa Cup 5th"]
[Site "Arequipa"]
[Date "2005.02.06"]
[Round "6.1"]
[White "Esplana, Christian"]
[Black "Hellsten, Johan"]
[Result "1/2-1/2"]
[WhiteElo "2329"]
[BlackElo "2554"]
[PlyCount "29"]
[EventDate "2005.02.04"]
[EventType "swiss (rapid)"]
[EventRounds "6"]
[EventCountry "PER"]
[SourceTitle "CBM 104 Extra"]
[Source "ChessBase"]
[SourceDate "2005.03.01"]
[SourceVersion "1"]
[SourceVersionDate "2005.03.01"]
[SourceQuality "1"]

1. e4 c5 2. Nf3 e6 3. d4 cxd4 4. Nxd4 a6 5. Nc3 b5 6. a3 Bb7 7. Bd3 d6 8. 0-0 Nf6 9. Kh1 Nbd7 10. Qe2 Be7 11. f4 Nc5 12. b4 Nxd3 13. cxd3 0-0 14. Be3 Rc8 15. Rac1 1/2-1/2

[Event "PER-ch"]
[Site "Lima"]
[Date "2004.03.11"]
[Round "5.1"]
[White "Esplana, Christian"]
[Black "Cordova, Emilio"]
[Result "1-0"]
[WhiteElo "2320"]
[BlackElo "2298"]
[PlyCount "130"]
[EventDate "2004.03.05"]
[EventType "k.o."]
[EventRounds "8"]
[EventCountry "PER"]
[SourceTitle "CBM 099 Extra"]
[Source "ChessBase"]
[SourceDate "2004.05.04"]
[SourceVersion "1"]
[SourceVersionDate "2004.05.04"]
[SourceQuality "1"]

1. e4 e6 2. Nc3 d5 3. d4 Nf6 4. e5 Nfd7 5. Nf3 c5 6. dxc5 Nc6 7. Bf4 Bxc5 8. Bd3 f6 9. exf6 Nxf6 10. Qe2 Qe7 11. 0-0-0 Bd7 12. h4 Bd6 13. Ne5 Nxe5 14. Bxe5 Bxe5 15. Qxe5 0-0-0 16. f4 Qc5 17. Be2 Rhe8 18. Bf3 Bc6 19. Ne2 Re7 20. Nd4 Nd7 21. Qg5 h6 22. Qg3 Qd6 23. Qh2 Rf8 24. g3 e5 25. fxe5 Nxe5 26. Be2 Ref7 27. Rhf1 Rxf1 28. Rxf1 Rxf1+ 29. Bxf1 Bd7 30. Qf2 Ng4 31. Qe1 Qf6 32. c3 g5 33. hxg5 hxg5 34. Bg2 Ne5 35. Kb1 Qg6+ 36. Ka1 Qd6 37. a3 Nc4 38. Bf1 Ne5 39. Ka2 g4 40. Qe3 Nf3 41. Nxf3 gxf3 42. Qxf3 d4 43. cxd4 Be6+ 44. Kb1 Qxd4 45. Qc3+ Qxc3 46. bxc3 Kc7 47. Kc2 Kd6 48. Bg2 b5 49. Bf3 Bf5+ 50. Kd2 a5 51. g4 Bg6 52. Ke3 Kc5 53. Be2 b4 54. cxb4+ axb4 55. axb4+ Kxb4 56. Bd3 Bf7 57. Kd4 Be8 58. g5 Bh5 59. Ke5 Kc5 60. Kf6 Kd6 61. Bc4 Kd7 62. Bf7 Bd1 63. g6 Bc2 64. g7 Bh7 65. Bb3 Ke8 1-0

[Event "PER-ch"]
[Site "Lima"]
[Date "2004.03.07"]
[Round "3.1"]
[White "Oblitas Guerrero, Carlomagno"]
[Black "Esplana, Christian"]
[Result "1/2-1/2"]
[WhiteElo "2387"]
[BlackElo "2320"]
[PlyCount "72"]
[EventDate "2004.03.05"]
[EventType "k.o."]
[EventRounds "8"]
[EventCountry "PER"]
[SourceTitle "CBM 099 Extra"]
[Source "ChessBase"]
[SourceDate "2004.05.04"]
[SourceVersion "1"]
[SourceVersionDate "2004.05.04"]
[SourceQuality "1"]

1. e4 c5 2. Nf3 e6 3. c3 Nf6 4. e5 Nd5 5. Bc4 d6 6. 0-0 Nc6 7. d4 Be7 8. Re1 cxd4 9. exd6 Qxd6 10. Nxd4 Nxd4 11. Qxd4 0-0 12. Bxd5 Bf6 13. Bf4 Qxd5 14. Qxd5 exd5 15. Nd2 Be6 16. Be5 Be7 17. Nb3 Rfe8 18. h3 b5 19. Nd4 a6 20. g4 b4 21. Nc6 bxc3 22. Nxe7+ Rxe7 23. Bxc3 Rd7 24. Bd4 h5 25. f3 Rc8 26. Rac1 Rc4 27. Rxc4 dxc4 28. Bc3 Rd5 29. Kf2 Kf8 30. a3 hxg4 31. hxg4 g6 32. Re4 Rd3 33. Re5 Ke8 34. Ra5 Bc8 35. g5 Bb7 36. Re5+ Kd7 1/2-1/2

[Event "PER-ch"]
[Site "Lima"]
[Date "2004.03.05"]
[Round "1.2"]
[White "Ascoy, Adolfo"]
[Black "Esplana, Christian"]
[Result "0-1"]
[WhiteElo "2188"]
[BlackElo "2320"]
[PlyCount "81"]
[EventDate "2004.03.05"]
[EventType "k.o."]
[EventRounds "8"]
[EventCountry "PER"]
[SourceTitle "CBM 099 Extra"]
[Source "ChessBase"]
[SourceDate "2004.05.04"]
[SourceVersion "1"]
[SourceVersionDate "2004.05.04"]
[SourceQuality "1"]

1. e4 c5 2. Nf3 e6 3. d4 cxd4 4. Nxd4 a6 5. Bd3 Nf6 6. 0-0 d6 7. c4 Nbd7 8. Nc3 Qc7 9. f4 Be7 10. Kh1 0-0 11. Qe2 Re8 12. Bd2 b6 13. Rae1 g6 14. e5 Nh5 15. Be4 Bb7 16. Bxb7 Qxb7 17. exd6 Bxd6 18. Ne4 Bf8 19. Nf3 Nhf6 20. Nxf6+ Nxf6 21. Ne5 Red8 22. Bc3 Bg7 23. Qe3 Rac8 24. Re2 b5 25. Ba5 Re8 26. b3 bxc4 27. bxc4 Nd7 28. Qb3 Nc5 29. Qe3 Nd7 30. Qb3 Qa7 31. Nxd7 Qxd7 32. Rd1 Qc6 33. Rc1 Bh6 34. Bd2 Red8 35. Qc3 Bg7 36. Qc2 Rb8 37. Ba5 Rd4 38. c5 Rxf4 39. Qd1 Rd4 40. Rd2 e5 41. h3 0-1

[Event "Lima olympic qual"]
[Site "Lima"]
[Date "2004.??.??"]
[Round "?"]
[White "Cornejo, Max"]
[Black "Esplana, Christian"]
[Result "0-1"]
[WhiteElo "2174"]
[BlackElo "2343"]
[PlyCount "98"]
[EventDate "2004.??.??"]
[EventType "tourn"]
[EventRounds "8"]
[EventCountry "PER"]
[SourceTitle "EXT 2007"]
[Source "ChessBase"]
[SourceDate "2006.11.23"]
[SourceVersion "1"]
[SourceVersionDate "2006.11.23"]
[SourceQuality "1"]

1. e4 d5 2. exd5 Nf6 3. d4 Nxd5 4. c4 Nb6 5. Nc3 g6 6. Nf3 Bg7 7. Be2 0-0 8. 0-0 Nc6 9. Be3 e5 10. d5 Ne7 11. Bc5 Re8 12. Ba3 Bg4 13. Nd2 Bxe2 14. Nxe2 Nf5 15. Qc2 e4 16. Nxe4 Qh4 17. N4g3 Nxg3 18. Nxg3 Qxc4 19. Qxc4 Nxc4 20. Rac1 Nxa3 21. bxa3 Re7 22. Rc2 Rd8 23. Rd1 f5 24. Nf1 c6 25. dxc6 Rxd1 26. c7 Rxc7 27. Rxc7 Rb1 28. g3 Bd4 29. Rc4 Bb6 30. Rc2 Kf7 31. Kg2 Ke6 32. Nd2 Rd1 33. Nb3 Rd7 34. a4 Rc7 35. Rd2 Bc5 36. Rc2 Bd6 37. Re2+ Kf7 38. f4 Rc4 39. a5 Bc7 40. Rd2 Ke7 41. Re2+ Kf6 42. Rb2 Ra4 43. Nc5 Rxa5 44. Nxb7 Rd5 45. a4 Bb6 46. Rc2 Rd7 47. Rc6+ Ke7 48. Nc5 Rd2+ 49. Kh3 Rc2 0-1

[Event "Lima olympic qual"]
[Site "Lima"]
[Date "2004.??.??"]
[Round "?"]
[White "Requejo Cotrina, Oswaldo Valentin"]
[Black "Esplana, Christian"]
[Result "1-0"]
[WhiteElo "2253"]
[BlackElo "2343"]
[PlyCount "127"]
[EventDate "2004.??.??"]
[EventType "tourn"]
[EventRounds "8"]
[EventCountry "PER"]
[SourceTitle "EXT 2007"]
[Source "ChessBase"]
[SourceDate "2006.11.23"]
[SourceVersion "1"]
[SourceVersionDate "2006.11.23"]
[SourceQuality "1"]

1. d4 Nf6 2. c4 e6 3. Nf3 b6 4. g3 Ba6 5. b3 Bb4+ 6. Bd2 Be7 7. Bg2 c6 8. Bc3 0-0 9. 0-0 d5 10. Nbd2 Nbd7 11. Re1 c5 12. e4 dxe4 13. Nxe4 Bb7 14. Nfg5 cxd4 15. Bxd4 Qc7 16. Nxf6+ Bxf6 17. Bxb7 Qxb7 18. Ne4 Be7 19. Qf3 Rab8 20. Rad1 Rfd8 21. Bb2 Bf8 22. Qf4 Rbc8 23. Rxd7 Rxd7 24. Nf6+ Kh8 25. Qh4 h6 26. Nxd7 Qxd7 27. Qxh6+ Kg8 28. Qe3 Rd8 29. Re2 Qd1+ 30. Kg2 Rd3 31. Qe4 a5 32. h4 a4 33. bxa4 Rd8 34. h5 Qxa4 35. h6 Qa8 36. Qxa8 Rxa8 37. Bxg7 Bxg7 38. hxg7 Ra3 39. Rc2 Kxg7 40. Kf1 Kf6 41. Ke2 Ke5 42. c5 bxc5 43. Rxc5+ Kd4 44. Rc2 f5 45. Rd2+ Ke4 46. Kd1 e5 47. Kc1 Kf3 48. Kb2 Ra7 49. a3 e4 50. Kb3 Rb7+ 51. Kc4 Ra7 52. Ra2 e3 53. fxe3 Kxg3 54. a4 Kf3 55. Ra3 Ra5 56. Kb4 Re5 57. a5 Re4+ 58. Kc5 Re5+ 59. Kd6 Rxe3 60. Rxe3+ Kxe3 61. a6 f4 62. a7 f3 63. a8Q f2 64. Qa6 1-0

[Event "Wch U20"]
[Site "Nakhchivan"]
[Date "2003.07.03"]
[Round "13"]
[White "Esplana, Christian"]
[Black "Schneider, Dmitry"]
[Result "0-1"]
[WhiteElo "2367"]
[BlackElo "2424"]
[PlyCount "94"]
[EventDate "2003.06.22"]
[EventType "swiss"]
[EventRounds "13"]
[EventCountry "AZE"]
[SourceTitle "EXT 2004"]
[Source "ChessBase"]
[SourceDate "2003.11.25"]
[SourceVersion "1"]
[SourceVersionDate "2003.11.25"]
[SourceQuality "1"]

1. e4 e6 2. d4 d5 3. Nc3 Bb4 4. e5 c5 5. a3 Bxc3+ 6. bxc3 Qc7 7. Nf3 Ne7 8. Bd3 b6 9. a4 Ba6 10. Bb5+ Bxb5 11. axb5 h6 12. 0-0 a5 13. bxa6 Rxa6 14. Rxa6 Nxa6 15. Qe2 Nb8 16. c4 0-0 17. cxd5 Nxd5 18. c4 Ne7 19. dxc5 bxc5 20. Rd1 Rd8 21. Rxd8+ Qxd8 22. Ba3 Qa5 23. Qe3 Nd7 24. h4 Nc6 25. Bb2 Qb4 26. Qd2 Ndxe5 27. Bxe5 Nxe5 28. Qd8+ Kh7 29. Nxe5 Qe1+ 30. Kh2 Qxe5+ 31. g3 Qe2 32. Kg2 Qxc4 33. Qc7 Qd5+ 34. Kh2 e5 35. Qc8 h5 36. Qf5+ g6 37. Qc8 c4 38. Qc7 Kg7 39. Kg1 Qd4 40. Kg2 c3 41. Kh3 Qe4 42. f3 Qe1 43. g4 Qh1+ 44. Kg3 Qg1+ 45. Kh3 hxg4+ 46. fxg4 Qe3+ 47. Kh2 Qe2+ 0-1

[Event "Wch U20"]
[Site "Nakhchivan"]
[Date "2003.07.01"]
[Round "11"]
[White "Esplana, Christian"]
[Black "Murariu, Andrei"]
[Result "1-0"]
[WhiteElo "2367"]
[BlackElo "2347"]
[PlyCount "137"]
[EventDate "2003.06.22"]
[EventType "swiss"]
[EventRounds "13"]
[EventCountry "AZE"]
[SourceTitle "EXT 2004"]
[Source "ChessBase"]
[SourceDate "2003.11.25"]
[SourceVersion "1"]
[SourceVersionDate "2003.11.25"]
[SourceQuality "1"]

1. e4 c5 2. Nf3 Nc6 3. d4 cxd4 4. Nxd4 Nf6 5. Nc3 d6 6. Bc4 e6 7. Bb3 a6 8. 0-0 Be7 9. Kh1 0-0 10. f4 Bd7 11. f5 Nxd4 12. Qxd4 Ng4 13. Bf4 e5 14. Qd1 h5 15. Bg3 Bc6 16. Qf3 Bg5 17. Rad1 Qf6 18. Rd3 Qh6 19. Rfd1 Rad8 20. Bf2 Bf4 21. h3 Nxf2+ 22. Qxf2 h4 23. Bd5 Rc8 24. Bxc6 Rxc6 25. Nd5 Bg5 26. Qe2 Rd8 27. c3 Kh8 28. b3 Bc1 29. a4 Ba3 30. Qg4 b5 31. axb5 axb5 32. Qe2 Bc5 33. b4 Bb6 34. R3d2 Ra8 35. Kh2 Bd8 36. Qxb5 Rca6 37. Qe8+ Kh7 38. Qxf7 Bg5 39. Qg6+ Qxg6 40. fxg6+ Kxg6 41. Rb2 Rb8 42. Kg1 Rc6 43. Ra2 Rb7 44. Re1 Bf4 45. Ree2 Kg5 46. Kf2 Rc8 47. Ke1 Rf8 48. Ra6 Rbf7 49. b5 Rb7 50. b6 Bg3+ 51. Kd2 Bf2 52. Kd3 Bc5 53. Ra1 Kh5 54. Rb2 g5 55. Kc4 Rfb8 56. Ra6 g4 57. Kb5 Rc8 58. Rba2 Rbb8 59. c4 gxh3 60. gxh3 Bd4 61. Rg2 Rc5+ 62. Kb4 Rxd5 63. cxd5 Bxb6 64. Kb5 Bc5+ 65. Kc6 Kh6 66. Rg4 Kh5 67. Rg2 Rb3 68. Ra8 Rg3 69. Rg8 1-0

[Event "Wch U20"]
[Site "Nakhchivan"]
[Date "2003.06.25"]
[Round "5"]
[White "Esplana, Christian"]
[Black "Jatautis, Donatas"]
[Result "1-0"]
[WhiteElo "2367"]
[BlackElo "2149"]
[PlyCount "66"]
[EventDate "2003.06.22"]
[EventType "swiss"]
[EventRounds "13"]
[EventCountry "AZE"]
[SourceTitle "EXT 2004"]
[Source "ChessBase"]
[SourceDate "2003.11.25"]
[SourceVersion "1"]
[SourceVersionDate "2003.11.25"]
[SourceQuality "1"]

1. e4 g6 2. d4 Bg7 3. Nc3 d6 4. f4 Nf6 5. Nf3 c5 6. dxc5 Qa5 7. Bd3 Qxc5 8. Qe2 0-0 9. Be3 Qa5 10. 0-0 Nc6 11. Rad1 Bg4 12. Bc4 Rac8 13. Bb3 Nd7 14. Bd2 Qh5 15. Be3 Qa5 16. Qe1 Nc5 17. Bd2 Nxb3 18. axb3 Nd4 19. Rc1 Nxf3+ 20. gxf3 Bh3 21. Rf2 Bd4 22. Be3 Bxc3 23. bxc3 Qxc3 24. Bxa7 Qxe1+ 25. Rxe1 Rc6 26. Ra1 Ra8 27. c4 b6 28. Ra6 Bd7 29. Rd2 Kf8 30. Kf2 Ke8 31. Ke3 Bc8 32. Rxb6 Rc7 33. Bb8 Rd7 1-0

[Event "Pan American-ch U20"]
[Site "Botucatu"]
[Date "2003.05.28"]
[Round "3"]
[White "Prasca Sosa, Rafael Felipe"]
[Black "Esplana, Christian"]
[Result "1/2-1/2"]
[WhiteElo "2397"]
[BlackElo "2367"]
[PlyCount "89"]
[EventDate "2003.05.27"]
[EventType "swiss"]
[EventRounds "7"]
[EventCountry "BRA"]
[SourceTitle "CBM 094 Extra"]
[Source "ChessBase"]
[SourceDate "2003.07.09"]
[SourceVersion "2"]
[SourceVersionDate "2003.07.09"]
[SourceQuality "1"]

1. e4 c5 2. Nf3 e6 3. c3 Nf6 4. e5 Nd5 5. Bc4 d6 6. d4 cxd4 7. cxd4 Nd7 8. Bxd5 exd5 9. 0-0 Be7 10. exd6 Bxd6 11. Re1+ Be7 12. Nc3 Nb6 13. Bg5 f6 14. Bf4 Kf7 15. Rc1 Bd7 16. Bg3 Rc8 17. Qb3 Bc6 18. Nb5 Bxb5 19. Qxb5 Qd7 20. Qxd7 Nxd7 21. Bf4 g5 22. Rxc8 Rxc8 23. Rc1 Rc4 24. Be3 b5 25. b3 Rxc1+ 26. Bxc1 Nb8 27. Ne1 Nc6 28. Nc2 h5 29. Kf1 Bd6 30. h3 Ke6 31. Bd2 Kf5 32. Ke2 Bf4 33. Bb4 Bc1 34. Bc5 Ke4 35. g4 hxg4 36. hxg4 Kf4 37. f3 Kg3 38. Bd6+ Bf4 39. Bc5 Bc1 40. Ne1 Bb2 41. Nc2 a6 42. Ne3 a5 43. Bd6+ Kh3 44. Nxd5 Nxd4+ 45. Kf2 1/2-1/2

[Event "Olympiad-35"]
[Site "Bled"]
[Date "2002.11.01"]
[Round "7.4"]
[White "Esplana, Christian"]
[Black "Mannion, Stephen R"]
[Result "0-1"]
[WhiteElo "2352"]
[BlackElo "2367"]
[PlyCount "70"]
[EventDate "2002.10.26"]
[EventType "team-swiss"]
[EventRounds "14"]
[EventCountry "SLO"]
[SourceTitle "EXT 2003"]
[Source "ChessBase"]
[SourceDate "2002.11.25"]
[SourceVersion "1"]
[SourceVersionDate "2002.11.25"]
[SourceQuality "1"]
[WhiteTeam "Peru"]
[BlackTeam "Scotland"]
[WhiteTeamCountry "PER"]
[BlackTeamCountry "SCO"]

1. e4 e5 2. Nf3 Nc6 3. Bc4 Bc5 4. c3 Nf6 5. d3 a6 6. Bb3 Ba7 7. 0-0 d6 8. Be3 0-0 9. Nbd2 Ne7 10. h3 Ng6 11. Re1 h6 12. Nf1 Re8 13. Ng3 Be6 14. Bxa7 Rxa7 15. d4 Ra8 16. Bxe6 Rxe6 17. Qb3 Rb8 18. Rad1 Qf8 19. Nd2 Nf4 20. d5 Ree8 21. Nc4 g6 22. Kh2 Qe7 23. Nf1 Qd7 24. Qc2 Kg7 25. Nce3 Nh7 26. Nd2 Rf8 27. Rg1 Rbe8 28. g4 h5 29. Nf3 Rh8 30. Kg3 Nf6 31. Rh1 Rh7 32. Rh2 h4+ 33. Nxh4 Reh8 34. Nhf5+ gxf5 35. Nxf5+ Qxf5 0-1

[Event "PER-ch"]
[Site "Lima"]
[Date "2002.10.09"]
[Round "12"]
[White "Esplana, Christian"]
[Black "Vera, Kelver"]
[Result "1-0"]
[WhiteElo "2335"]
[BlackElo "2233"]
[PlyCount "83"]
[EventDate "2002.10.01"]
[EventType "tourn"]
[EventRounds "13"]
[EventCountry "PER"]
[EventCategory "4"]
[SourceTitle "CBM 090 Extra"]
[Source "ChessBase"]
[SourceDate "2002.11.07"]
[SourceVersion "1"]
[SourceVersionDate "2002.11.07"]
[SourceQuality "1"]

1. e4 e5 2. Nf3 Nf6 3. Nc3 Nc6 4. g3 Bb4 5. Bg2 0-0 6. 0-0 d6 7. d3 h6 8. a3 Ba5 9. b4 Bb6 10. Na4 Bg4 11. h3 Be6 12. Bb2 Qd7 13. Nxb6 axb6 14. Kh2 Rfe8 15. d4 exd4 16. Nxd4 Nxd4 17. Qxd4 Qe7 18. f4 Rad8 19. Rae1 b5 20. g4 Qf8 21. Bf3 Bc4 22. Rg1 d5 23. e5 Ne4 24. f5 b6 25. Qe3 f6 26. Bxe4 dxe4 27. exf6 gxf6 28. g5 hxg5 29. Rxg5+ Kf7 30. Rg6 Rd6 31. Bc3 Bd5 32. Rd1 Ke7 33. Rxd5 Rxd5 34. Rxf6 Qxf6 35. Bxf6+ Kxf6 36. Qh6+ Ke5 37. Qg7+ Kf4 38. f6 Rd2+ 39. Kg1 Red8 40. Qg4+ Ke5 41. f7 e3 42. Qg7+ 1-0

[Event "PER-ch"]
[Site "Lima"]
[Date "2002.10.07"]
[Round "9"]
[White "Castaneda, Georgui"]
[Black "Esplana, Christian"]
[Result "1-0"]
[WhiteElo "2425"]
[BlackElo "2335"]
[PlyCount "84"]
[EventDate "2002.10.01"]
[EventType "tourn"]
[EventRounds "13"]
[EventCountry "PER"]
[EventCategory "4"]
[SourceTitle "CBM 090 Extra"]
[Source "ChessBase"]
[SourceDate "2002.11.07"]
[SourceVersion "1"]
[SourceVersionDate "2002.11.07"]
[SourceQuality "1"]

1. d4 Nf6 2. Nf3 e6 3. e3 b6 4. Bd3 Bb7 5. 0-0 c5 6. c4 g6 7. a3 Bg7 8. b4 0-0 9. Nbd2 d5 10. bxc5 bxc5 11. Rb1 Qc7 12. Bb2 dxc4 13. Bxc4 Nbd7 14. Qe2 cxd4 15. Bxd4 Nb6 16. Ba6 Bxa6 17. Qxa6 Qc8 18. Qa5 Qb7 19. Rb3 Rfc8 20. Rfb1 Nfd7 21. h4 Bxd4 22. Nxd4 Rc5 23. Rb5 Rac8 24. Rxc5 Rxc5 25. Qb4 e5 26. N4f3 Qd5 27. h5 Kg7 28. Qh4 f6 29. Qg4 Rc2 30. Qb4 a5 31. Qe7+ Qf7 32. h6+ Kg8 33. Qd6 Nc8 34. Qa6 Qd5 35. Rb5 Rc1+ 36. Kh2 Qf7 37. Rb7 g5 38. Ne4 Ncb6 39. Rxb6 Nxb6 40. Qxb6 Qh5+ 41. Kg3 Qxh6 42. Nxf6+ Kg7 1-0

[Event "PER-ch"]
[Site "Lima"]
[Date "2002.10.01"]
[Round "1"]
[White "Esplana, Christian"]
[Black "Pacheco, Marco"]
[Result "0-1"]
[WhiteElo "2335"]
[BlackElo "2284"]
[PlyCount "94"]
[EventDate "2002.10.01"]
[EventType "tourn"]
[EventRounds "13"]
[EventCountry "PER"]
[EventCategory "4"]
[SourceTitle "CBM 090 Extra"]
[Source "ChessBase"]
[SourceDate "2002.11.07"]
[SourceVersion "1"]
[SourceVersionDate "2002.11.07"]
[SourceQuality "1"]

1. e4 e6 2. d4 d5 3. Nc3 Bb4 4. e5 c5 5. a3 Bxc3+ 6. bxc3 Qc7 7. Nf3 Ne7 8. a4 b6 9. Bb5+ Bd7 10. Bd3 Nbc6 11. 0-0 h6 12. Ba3 Na5 13. Nd2 0-0 14. c4 dxc4 15. Nxc4 Nxc4 16. Bxc4 Bxa4 17. dxc5 Rad8 18. Qg4 bxc5 19. Qe2 Nf5 20. c3 Bc6 21. f3 Bd5 22. Bd3 Rfe8 23. Bc1 c4 24. Bc2 Ra8 25. Rd1 Red8 26. Kh1 a5 27. Ba3 Qc6 28. Bxf5 exf5 29. Rd4 Be6 30. Bd6 a4 31. Rdd1 Rd7 32. Qc2 Ra5 33. Rdb1 Rb7 34. Rxb7 Qxb7 35. Bb4 Rxe5 36. Qxa4 Bd5 37. Qd1 Re3 38. Qd4 Re2 39. Qf4 Qa7 40. Rg1 Qd7 41. h4 Qe6 42. Bc5 Qg6 43. Bd4 Kh7 44. Kh2 Qh5 45. Kg3 Be6 46. Qb8 f4+ 47. Kxf4 Qxh4+ 0-1

[Event "PER-ch serie D"]
[Site "Lima"]
[Date "2002.??.??"]
[Round "1"]
[White "Esplana, Christian"]
[Black "Quinones, Cesar Luis"]
[Result "1-0"]
[WhiteElo "2335"]
[BlackElo "2120"]
[PlyCount "144"]
[EventDate "2002.09.09"]
[EventType "tourn"]
[EventRounds "9"]
[EventCountry "PER"]
[SourceTitle "CBM 090 Extra"]
[Source "ChessBase"]
[SourceDate "2002.11.07"]
[SourceVersion "1"]
[SourceVersionDate "2002.11.07"]
[SourceQuality "1"]

1. e4 c5 2. Nf3 Nc6 3. d4 cxd4 4. Nxd4 Nf6 5. Nc3 d6 6. Nb3 g6 7. Be2 Bg7 8. 0-0 0-0 9. Bg5 a5 10. a4 Be6 11. Rb1 Rc8 12. Re1 Nb4 13. Nd4 Bc4 14. Ndb5 h6 15. Bh4 Re8 16. Rc1 Bxe2 17. Rxe2 Nh5 18. Rb1 g5 19. Rd2 Nf4 20. Bg3 Ng6 21. Qh5 Qd7 22. Rbd1 Qe6 23. h3 Rc4 24. Nd4 Rxd4 25. Rxd4 Bxd4 26. Rxd4 Kh7 27. Rd2 Rc8 28. Qg4 Qxg4 29. hxg4 Rc4 30. f3 Kg7 31. Kf1 Nf8 32. Ke1 Nd7 33. Bf2 Ne5 34. Kd1 Rc6 35. Bd4 f6 36. b3 Nd7 37. Nd5 Nxd5 38. exd5 Rc8 39. Re2 Kf7 40. Kd2 Rh8 41. Kd3 Rc8 42. Re6 Nc5+ 43. Bxc5 Rxc5 44. c4 Rc8 45. Re1 b6 46. Ke4 Kg6 47. g3 Rh8 48. Rh1 Rc8 49. Kd4 Rh8 50. Ke4 Rc8 51. f4 Rh8 52. Kd4 gxf4 53. gxf4 h5 54. Ke4 h4 55. Kf3 f5 56. g5 Rh7 57. Kg2 Kf7 58. Kh3 e6 59. dxe6+ Kxe6 60. Re1+ Kd7 61. Rd1 Re7 62. Rd5 Re3+ 63. Kxh4 Ke6 64. g6 Rxb3 65. Kg5 Rc3 66. Kh6 Rxc4 67. g7 Kxd5 68. g8Q+ Kd4 69. Qe6 Rxa4 70. Qxd6+ Ke3 71. Kg5 Rb4 72. Kxf5 Rb5+ 1-0

[Event "PER-ch Regional Centro"]
[Site "Lima"]
[Date "2002.??.??"]
[Round "8"]
[White "Esplana, Christian"]
[Black "Santivanez Montes, Mario"]
[Result "1/2-1/2"]
[WhiteElo "2389"]
[BlackElo "2225"]
[PlyCount "30"]
[EventDate "2002.03.26"]
[EventType "swiss"]
[EventRounds "9"]
[EventCountry "PER"]
[SourceTitle "EXT 2003"]
[Source "ChessBase"]
[SourceDate "2002.11.25"]
[SourceVersion "1"]
[SourceVersionDate "2002.11.25"]
[SourceQuality "1"]

1. e4 e5 2. Nf3 Nc6 3. Bc4 Bc5 4. c3 Nf6 5. d3 d6 6. Bb3 0-0 7. 0-0 Bb6 8. Nbd2 Be6 9. Nc4 Qd7 10. a4 Bxc4 11. Bxc4 a5 12. Bg5 Ne7 13. h3 Ng6 14. Re1 h6 15. Be3 Bxe3 1/2-1/2